000 00674nam a22001697a 4500
005 20120416130223.0
020 _a8170008089
_c00.00
035 _aA-759167
037 _aDPL
_bENG
100 _aSingh, Gopal
_945168
245 _aReservation politics in India :
_bMandalisation of the society /
_cby Gopal Singh and Hari Lal Sharma
260 _aNew Delhi
_bDeep and Deep Publications
_c1995
300 _avii, 174p.
_c18 cms.
700 _aSharma, Hari Lal
_945169
942 _2ddc
_cEN
_h305.56
_mGUP
999 _c65056
_d65056